Paroles : Half A Heart - One Direction - Statistiques

Statistiques générales
  • Ce quiz a été pris 113 fois
  • Le résultat moyen est 249 sur 297
Statistiques - réponses
Réponse % Correct
I
99%
you
99%
a
97%
half
97%
heart
97%
my
97%
an
96%
with
96%
With
96%
I'm
94%
without
94%
Without
94%
in
93%
me
93%
at
91%
do
91%
man
91%
chest
90%
No
90%
So
90%
so
90%
we
90%
We
90%
arrow
88%
best
88%
by
88%
everything
88%
miss
87%
not
87%
your
87%
And
85%
been
85%
friends
85%
the
85%
The
85%
telling
84%
just
82%
of
82%
one
82%
sleeping
82%
to
82%
You've
82%
Only
81%
shoe
81%
Bet
79%
but
79%
like
79%
sweater
79%
better
78%
can
78%
missing
78%
walking
78%
doing
76%
here
76%
much
76%
that
76%
up
76%
around
75%
blue
75%
'Cause
75%
is
75%
sky
75%
waking
75%
being
72%
it
72%
quite
71%
there
71%
can't
66%
stop
66%
go
65%
kinda
65%
down
59%
for
59%
get
57%
river
57%
all
56%
doesn't
56%
even
56%
got
56%
matter
56%
out
54%
could
53%
night
53%
talk
53%
through
53%
said
51%
two
51%
head
50%
both
49%
I've
49%
lunch
49%
then
49%
really
47%
Forget
46%
If
46%
split
44%
truth
44%
try
44%
lost
43%
hour
41%
We'll
40%
since
37%
spare
37%
or
32%
Though
24%
Aucun quiz correspondant
Distribution des résultats
% des personnes avec chaque résultat
Percentile par nombre de réponses
Votre historique - résultats
Vous n’avez pas pris ce quiz